00254nam a22000977a 4500008004100000082001300041100000800054245004300062260004200105300000900147230703b xxu||||| |||| 00| 0 eng d a351bBLS cBCL aOntario and Federal Family Legislation aCanadabButterworths Canada Ltdc1995 a943p